header

A gentle guide to research methods (Record no. 117481)

MARC details
000 -LEADER
fixed length control field 01241nam a2200325Ia 4500
082 04 - DEWEY DECIMAL CLASSIFICATION NUMBER
Classification number 001.42
100 1# - MAIN ENTRY--AUTHOR NAME
Personal name Rugg, Gordon.
245 12 - TITLE STATEMENT
Title A gentle guide to research methods
260 ## - PUBLICATION, DISTRIBUTION, ETC. (IMPRINT)
Place of publication Maidenhead :
Name of publisher Open University Press,
Year of publication 2007.
300 ## - PHYSICAL DESCRIPTION
Number of Pages xii, 238 p. :
Other physical details ill.
650 #0 - SUBJECT ADDED ENTRY--TOPICAL TERM
Topical Term Research
Topical Term Dissertations, Academic.
700 1# - ADDED ENTRY--PERSONAL NAME
Personal name Petre, Marian,
856 40 - ELECTRONIC LOCATION AND ACCESS
Uniform Resource Identifier http://site.ebrary.com/lib/rucke/Doc?id=10197031

No items available.

© 2026 Rongo University
Contact us: librarian | system librarian | Rongo university